Saviours of Islamic spirit / (Record no. 33001)
[ view plain ]
| 000 -LEADER | |
|---|---|
| fixed length control field | 01178nam a22003132i 4500 |
| 001 - CONTROL NUMBER | |
| control field | 33001 |
| 003 - CONTROL NUMBER IDENTIFIER | |
| rucl marc code | BD-RjUL |
| 005 - DATE AND TIME OF LATEST TRANSACTION | |
| control field | 20211209051930.0 |
| 008 - FIXED-LENGTH DATA ELEMENTS--GENERAL INFORMATION | |
| fixed length control field | 140429s1983 ii b 001 0ceng d |
| 035 ## - SYSTEM CONTROL NUMBER | |
| System control number | OCLC ocm03584194 from D960517M |
| -- | (BD-RjUL)33091 |
| 040 ## - CATALOGING SOURCE | |
| Original cataloging agency | INT |
| Transcribing agency | INT |
| Modifying agency | BD-RjUL |
| Language of cataloging | eng |
| 041 1# - LANGUAGE CODE | |
| Language code of text/sound track or separate title | engund |
| 082 ## - DEWEY DECIMAL CLASSIFICATION NUMBER | |
| Classification number | 297.9 |
| Author mark and year | NAS V-3 1983 |
| 090 ## - LOCALLY ASSIGNED LC-TYPE CALL NUMBER (OCLC); LOCAL CALL NUMBER (OCLC) | |
| Classification number (OCLC) (R) ; Classification number, CALL (RLIN) (NR) | BP70 |
| Local cutter number (OCLC) ; Book number/undivided call number, CALL (RLIN) | .N31713 1976 |
| 100 1# - MAIN ENTRY--PERSONAL NAME | |
| Personal name | Nadwi, Abulḥasan ʿAli, |
| Dates associated with a name | 1913- |
| 9 (RLIN) | 100295 |
| 245 10 - TITLE STATEMENT | |
| Title | Saviours of Islamic spirit / |
| Statement of responsibility, etc. | by Abul Hasan Ali Nadwi ; Translation Mohiuddin Ahmad |
| 260 ## - PUBLICATION, DISTRIBUTION, ETC. (IMPRINT) | |
| Place of publication, distribution, etc. | India : |
| Name of publisher, distributor, etc. | Academy of Islamic Research and Publications, |
| Date of publication, distribution, etc. | 1983. |
| 300 ## - PHYSICAL DESCRIPTION | |
| Pagination | vi, 362 p. ; |
| Size | 23 cm |
| 490 1# - SERIES STATEMENT | |
| Series statement | Series / Academy of Islamic Research and Publications ; |
| Volume/sequential designation | no. 48 |
| 504 ## - BIBLIOGRAPHY, ETC. NOTE | |
| Bibliography, etc | Includes bibliographical references and index |
| 505 0# - FORMATTED CONTENTS NOTE | |
| Formatted contents note | Vol. 1 -- v. 2 -- v. 3 -- |
| 650 #0 - SUBJECT ADDED ENTRY--TOPICAL TERM | |
| Topical term or geographic name as entry element | Muslims |
| Form subdivision | Biography. |
| 9 (RLIN) | 98030 |
| Topical term or geographic name as entry element | Islam |
| 9 (RLIN) | 100296 |
| 700 1# - ADDED ENTRY--PERSONAL NAME | |
| Personal name | Ahmad, Mohiuddin. |
| 710 2# - ADDED ENTRY--CORPORATE NAME | |
| Corporate name or jurisdiction name as entry element | Academy of Islamic Research & Publications (Lucknow, India) |
| 9 (RLIN) | 100298 |
| 830 #0 - SERIES ADDED ENTRY--UNIFORM TITLE | |
| Volume number/sequential designation | no. 48 |
| Uniform title | Series (Academy of Islamic Research & Publications (Lucknow, India)) ; |
| 942 ## - ADDED ENTRY ELEMENTS (KOHA) | |
| Source of classification or shelving scheme | Dewey Decimal Classification |
| Koha item type | Books |
| Lost status | Source of classification or shelving scheme | Damaged status | Not for loan | Collection code | Permanent Location | Current Location | Shelving location | Date acquired | Source of acquisition | Cost, normal purchase price | Total Checkouts | Full call number | Date last seen | Copy number | Koha item type |
|---|---|---|---|---|---|---|---|---|---|---|---|---|---|---|---|
| Dewey Decimal Classification | Not For Loan | Non-fiction | Central Library, University of Rajshahi | Central Library, University of Rajshahi | Reading Room | 30/04/1992 | Abacus Books | 7.16 | 297.9 NAS V-3 1983 | 29/04/2014 | C-1 | Books | |||
| Dewey Decimal Classification | Non-fiction | Central Library, University of Rajshahi | Central Library, University of Rajshahi | 02/10/1991 | Abacus books, london | 7.16 | 297.9 NAS V-2 1977 | 27/07/2016 | C-2 | Books | |||||
| Dewey Decimal Classification | Not For Loan | Non-fiction | Central Library, University of Rajshahi | Central Library, University of Rajshahi | Reading Room | 30/04/1992 | Abacus London. | 7.16 | 297.9 NAS V-1 1983 | 04/12/2016 | C-1 | Books |